Miracle of the koran / (Record no. 347459)
[ view plain ]
| 000 -LEADER | |
|---|---|
| fixed length control field | 00529 a2200157 4500 |
| 020 ## - INTERNATIONAL STANDARD BOOK NUMBER | |
| International Standard Book Number | 1870582047 (paperback) |
| 020 ## - INTERNATIONAL STANDARD BOOK NUMBER | |
| International Standard Book Number | 9781870582049 (paperback) |
| 090 ## - LOCALLY ASSIGNED LC-TYPE CALL NUMBER (OCLC); LOCAL CALL NUMBER (RLIN) | |
| -- | 5034 |
| -- | 5034 |
| 100 1# - MAIN ENTRY--PERSONAL NAME | |
| Personal name | Sha'rawi, Muhammad Mutawalli. |
| 245 10 - TITLE STATEMENT | |
| Title | Miracle of the koran / |
| Statement of responsibility, etc. | Muhammad Mutawalli Sha'rawi, M. Alserougi. |
| 260 ## - PUBLICATION, DISTRIBUTION, ETC. | |
| Place of publication, distribution, etc. | [S.l.] : |
| Name of publisher, distributor, etc. | Dar Al Taqwa Ltd, |
| Date of publication, distribution, etc. | 1989. |
| 300 ## - PHYSICAL DESCRIPTION | |
| Extent | 276 p. |
| 700 1# - ADDED ENTRY--PERSONAL NAME | |
| Personal name | Alserougi, M. |
| 856 40 - ELECTRONIC LOCATION AND ACCESS | |
| Materials specified | Amazon.com |
| Uniform Resource Identifier | <a href="http://www.amazon.com/exec/obidos/ASIN/1870582047/chopaconline-20">http://www.amazon.com/exec/obidos/ASIN/1870582047/chopaconline-20</a> |
| 942 ## - ADDED ENTRY ELEMENTS (KOHA) | |
| Institution code [OBSOLETE] | NBS |
| Koha item type | Book |
| Call number prefix | 297.122 ALS |
| Withdrawn status | Lost status | Damaged status | Not for loan | Permanent Location | Current Location | Shelving location | Date acquired | Total Checkouts | Total Renewals | Full call number | Barcode | Date last seen | Date last checked out | Price effective from | Koha item type |
|---|---|---|---|---|---|---|---|---|---|---|---|---|---|---|---|
| Central Library (CL) | Central Library (CL) | First Floor - Islam | 08/28/2013 | 3 | 1 | 297.122 ALS | NBS7085 | 09/03/2024 | 02/08/2022 | 08/28/2013 | Book |
